Pohjois-Savon kunnat - Statistics

Yleistilastot
  • Tätä visaa on pelattu 102 kertaa
  • Keskiarvotulos 13 / 19
Vastaustilastot
Kuntamuoto Nimi % Oikein
maakunnan pääkaupunki Kuopio
100%
kunta Siilinjärvi
89%
kaupunki Iisalmi
80%
kaupunki Varkaus
70%
kunta Lapinlahti
68%
kunta Leppävirta
68%
kunta Rautavaara
68%
kaupunki Suonenjoki
68%
kunta Tuusniemi
68%
kunta Vieremä
68%
kunta Sonkajärvi
64%
kapunki Kiuruvesi
61%
kunta Pielavesi
61%
kunta Rautalampi
61%
kunta Vesanto
61%
kunta Tervo
59%
kunta Keitele
55%
kunta Joroinen
50%
kunta Kaavi
50%
Ehtoja vastaavia visoja ei löytynyt
Tulosjakauma
Jokaisen tuloksen saaneiden osuus
Persentiili vastausten määrän mukaan
Tuloshistoriasi
Et ole pelannut tätä visaa